Internet for library and information services / (Record no. 63315)

MARC details
000 -LEADER
fixed length control field 00434nam a22001457a 4500
005 - DATE AND TIME OF LATEST TRANSACTION
control field 20180823131852.0
020 ## - INTERNATIONAL STANDARD BOOK NUMBER
International Standard Book Number 8170002755
Terms of availability 575.00
035 ## - SYSTEM CONTROL NUMBER
System control number B-31464, B-031466
037 ## - SOURCE OF ACQUISITION
Stock number DPL
Source of stock number/acquisition ENG
100 ## - MAIN ENTRY--PERSONAL NAME
Personal name Nair, R. Raman
245 ## - TITLE STATEMENT
Title Internet for library and information services /
Statement of responsibility, etc by R. Raman Nair
260 ## - PUBLICATION, DISTRIBUTION, ETC. (IMPRINT)
Place of publication, distribution, etc New Delhi
Name of publisher, distributor, etc Ess Ess Publications
Date of publication, distribution, etc 1999
300 ## - PHYSICAL DESCRIPTION
Extent 253p.
Dimensions 20 cms.
942 ## - ADDED ENTRY ELEMENTS (KOHA)
Source of classification or shelving scheme Dewey Decimal Classification
Item type English Books
Classification part 021.65
Call number suffix NAI
Holdings
Withdrawn status Lost status Not for loan Collection code Home library Current library Date acquired Cost, normal purchase price Full call number Barcode Cost, replacement price Koha item type Source of acquisition
      Non-fiction Sarojini Nagar Sarojini Nagar 22/02/2012 575.00 021.65 NAI B-31464 575.00 English Books  
      Non-fiction Shahdara Branch Shahdara Branch 23/08/2018 575.00 021.65 NAI B-031466 575.00 English Books BPPD/PUB

© Delhi Public Library
Hit Counter
free hit counter